Weird Fishes/Arpeggi - Radiohead lyrics - Statistics

General Stats
  • This quiz has been taken 192 times
  • The average score is 86 of 123
Answer Stats
Hint Answer % Correct
I
97%
The
97%
You
92%
Bottom
89%
Verse 1 In
89%
They
89%
Ocean
88%
Of
88%
Weird
88%
Deepest
87%
Me
87%
Fishes
86%
Sea
86%
Your
85%
Eyes
82%
And
81%
Get
77%
Turn
77%
By
73%
Worms
72%
To
71%
Eaten
70%
Why
69%
Here?
68%
Stay
68%
Stay?
68%
Follow
67%
Should
66%
Chance
63%
Everybody
60%
Escape
59%
Hit
59%
Leaves
59%
Be
58%
If
58%
My
55%
Where
55%
Yeah
55%
Not
53%
Is
52%
Crazy
51%
Edge
50%
Earth
49%
Verse 2 I'd
47%
This
47%
Lead
42%
Phantoms
40%
Over
38%
Picked
37%
On
36%
Fall
32%
(Out)
26%
Off
24%
(Way)
19%
No matching quizzes found
Score Distribution
Percent of People with Each Score
Percentile by Number Answered
Your Score History
You have not taken this quiz